Case in point (Record no. 105034)

MARC details
000 -LEADER
fixed length control field 01035cam a2200277 4500
001 - CONTROL NUMBER
control field ##E132138
008 - FIXED-LENGTH DATA ELEMENTS--GENERAL INFORMATION
fixed length control field 060112n2006 000 0 eng u
020 ## - INTERNATIONAL STANDARD BOOK NUMBER
International Standard Book Number 9781842192892
020 ## - INTERNATIONAL STANDARD BOOK NUMBER
International Standard Book Number 1842192892
035 ## - SYSTEM CONTROL NUMBER
System control number (Sirsi) u132138
041 0# - LANGUAGE CODE
Language code of text/sound track or separate title eng
050 04 - LIBRARY OF CONGRESS CALL NUMBER
Classification number 711.026 $2 18
100 1# - MAIN ENTRY--PERSONAL NAME
Personal name Smith, Richard E.
245 00 - TITLE STATEMENT
Title Case in point
Remainder of title planning control
-- - development, permission and enforcement
260 ## - PUBLICATION, DISTRIBUTION, ETC.
Place of publication, distribution, etc. London
Name of publisher, distributor, etc. RICS
Date of publication, distribution, etc. 2006
300 ## - PHYSICAL DESCRIPTION
Extent xxxiv, 220p
Dimensions 21cm.
350 ## - PRICE (NR) (BK AM CF MU VM SE) [OBSOLETE]
Price 24 95
490 #0 - SERIES STATEMENT
Series statement RICS Case in Point Series
505 2# - FORMATTED CONTENTS NOTE
Formatted contents note Development -- Planning permission -- Determining planning applications -- Enforcement.
520 ## - SUMMARY, ETC.
Summary, etc. Written specifically with the busy surveyor in mind, this casebook provides clear summaries of both recent and established core planning control cases, and seeks to draw out the implications of these cases for a surveyors' day-to-day practice.
590 ## - LOCAL NOTE (RLIN)
Local note IKA230506
651 #4 - SUBJECT ADDED ENTRY--GEOGRAPHIC NAME
Geographic name GREAT BRITAIN
690 ## - LOCAL SUBJECT ADDED ENTRY--TOPICAL TERM (OCLC, RLIN)
Topical term or geographic name as entry element Planning and development
9 (RLIN) 6259
942 ## - ADDED ENTRY ELEMENTS (KOHA)
Suppress in OPAC 0
Holdings
Withdrawn status Lost status Source of classification or shelving scheme Damaged status Not for loan Home library Current library Shelving location Date acquired Total Checkouts Full call number Barcode Date last seen Copy number Price effective from Koha item type
    Dewey Decimal Classification     London London Books 11/05/2006   711.026 SMI 30072965 06/08/2019 2 06/08/2019 Reference material
    Dewey Decimal Classification     London London RICS Boxes 16/05/2006   RICS 2006/14 30072966 06/08/2019 1 06/08/2019 Archive